| 000 | 01336nam0a22003011 4500 | ||
|---|---|---|---|
| 001 | rc\4904758 | ||
| 005 | 20260406214126.0 | ||
| 021 |
_aRU _b[67-29441] |
||
| 035 | _a(NLR Aleph) 008931117 | ||
| 090 |
_a8885433 _c8885433 |
||
| 100 | _a20130426d1967 |||y0rusy50 ca | ||
| 101 | 0 | _arus | |
| 102 | _aRU | ||
| 105 | _aab z ||||| | ||
| 200 | 1 |
_aУчет и агропроизводственные группировки земельных ресурсов СССР _e[Сборник статей _fОтв. ред. д-р геогр. наук В.М. Фридланд] _gАН СССР. Науч. совет "Теорет. основы почвоведения". Всесоюз. о-во почвоведов |
|
| 210 |
_aМосква _cНаука _d1967 |
||
| 215 |
_a182 с., 1 л. карт _cчерт. _d21 |
||
| 320 | _aБиблиогр. в конце статей | ||
| 606 |
_aПочвы _xОценка _jСборники _2psbo |
||
| 606 |
_aЗемельные фонды _xУчет _jСборники _2psbo |
||
| 702 | 1 |
_aФридланд _bВ.М. _gВладимир Маркович _4340 |
|
| 712 | 0 | 2 |
_4570 _aВсесоюзное общество почвоведов _3RU\NLR\AUTH\889971841 _9440237 |
| 801 | 0 |
_aRU _bNLR _gpsbo |
|
| 801 | 1 |
_aRU _bELAR _2rusmarc |
|
| 852 |
_aNLR _j67-5/1950 |
||
| 942 | _cBOOK | ||
| 980 | _aNB | ||